| 000 | 00628nam a2200205 a 4500 | ||
|---|---|---|---|
| 001 | 000030786 | ||
| 003 | OSt | ||
| 005 | 20201023105427.0 | ||
| 008 | 110530s1962 dr r 000 0 spa d | ||
| 040 |
_aDO-SdBNP _bspa _cBNPHU |
||
| 082 | 7 | 4 |
_a345.05 _bS211c _222 |
| 100 | 1 |
_aSánchez Cabral, Eduardo _917412 |
|
| 245 | 1 | 3 |
_aEl crimen de la herradura / _cEduardo Sánchez Cabral. |
| 260 |
_aSanto Domingo : _bDel Caribe, _c1962. |
||
| 300 |
_a13 p. ; _c24 cm. |
||
| 590 | _aInventariado, 2018/ YL | ||
| 650 | 4 |
_aProcedimiento penal _zRepública Dominicana _914474 |
|
| 910 | _aValidado. Control de calidad MFF | ||
| 942 |
_2ddc _cLBS1 |
||
| 999 |
_c30278 _d30278 |
||